01356nam a2200325 a 4500001001100000003000800011006001900019007001500038008004100053010001700094020002800111040002100139035002000160050002200180082002100202100002500223245010500248260003800353300002400391504006600415533015200481600005100633600004600684610003700730650004000767651005200807655002900859710001700888856012500905ebr5004990CaPaEBRm u cr cn|||||||||960719s1997 ctua sb 001 0ceng  z 96029246  z0275957144 (alk. paper) aCaPaEBRcCaPaEBR a(OCoLC)4980330414aE745b.S63 1997eb04a355/.0092aB2201 aSobel, Brian,d1954-14aThe fighting Pattonsh[electronic resource] /cBrian M. Sobel ; foreword by George S. Patton (ret.). aWesport, Conn. :bPraeger,c1997. axxi, 248 p. :bill. aIncludes bibliographical references (p. [231]-234) and index. aElectronic reproduction.bPalo Alto, Calif. :cebrary,d2013.nAvailable via World Wide Web.nAccess may be limited to ebrary affiliated libraries.10aPatton, George S.q(George Smith),d1885-1945.10aPatton, George S.q(George Smith),d1923-10aUnited States.bArmyvBiography. 0aGeneralszUnited StatesvBiography. 0aUnited StatesxHistory, Militaryy20th century. 7aElectronic books.2local2 aebrary, Inc.40uhttp://site.ebrary.com/lib/rucke/Doc?id=5004990zAn electronic book accessible through the World Wide Web; click to view